00391nam a2200121Ia 4500008004100000245013200041260001800173260000900191300000800200500001000208650001300218856003800231170516s9999 xx 000 0 und d aFrom Molecular to Nanotechnology Strategies for Delivery of Neurotrophins: Emphasis on Brain-Derived Neurotrophic Factor (BDNF) bPharmaceutics c2013 a5:1 aMarch xPharmacy uhttp://www.mdpi.com/1999-4923/5/1